Statistics for Philosophers Quiz

Click here to take the quiz!

General Stats

  • This quiz has been taken 139 times
    (129 since last reset)
  • The average score is 5 of 18

Answer Stats

HintAnswer% Correct
I think; therefore I amRené Descartes
90%
Live your life as though your every act were to become a universal lawImmanuel Kant
56%
In the State of Nature profit is the measure of rightThomas Hobbes
40%
Man is born free, and everywhere he is in chainsJean-Jacques Rousseau
39%
Government has no other end, but the preservation of propertyJohn Locke
34%
Therefore, there must be a first mover existing above all — and this we call GodThomas Aquinas
33%
History repeats itself, first as tragedy, second as farceKarl Marx
32%
I cannot believe in a God who wants to be praised all the timeFriedrich Nietzsche
31%
God is the Immanent Cause of all things, never truly transcendent from themBaruch Spinoza
21%
Only one man ever understood me, and he didn't understand meGeorg W. F. Hegel
18%
Justice is the first virtue of social institutions, as truth is of systems of thoughtJohn Rawls
17%
Why are there beings at all, instead of Nothing?Martin Heidegger
12%
Of mankind we may say in general they are fickle, hypocritical, and greedy of gainNiccolò Machiavelli
9%
Taxation of earnings from labor is on a par with forced laborRobert Nozick
9%
I declare justice is nothing but the advantage of the strongerThrasymachus
8%
The spectacle is not a collection of images, but a social relation among people, mediated by imagesGuy Debord
7%
That whose existence is necessary must necessarily be one essenceAvicenna
3%
It is indifferent to me where I am to begin, for there shall I return againParmenides
3%

Score Distribution

Percentile by Number Answered

Percent of People with Each Score

Your Score History

You have not taken this quiz since the last reset